|
|
|
|
| LEADER |
00000cam a2200000 a 4500 |
| 001 |
vtls010081209 |
| 003 |
SK-MaSNL |
| 005 |
20260301131210.0 |
| 008 |
180216s2009 xr a j f 000 0 slo |
| 015 |
|
|
|a SNBZSA2016/11
|
| 020 |
|
|
|a 9788072673728
|q (viazané)
|
| 035 |
|
|
|a 71D59FC0-6CC7-42CF-8948-C821B6DB6BD7
|
| 035 |
|
|
|a urn:nbn:sk:snk-amyfl1
|
| 035 |
|
|
|a urn:nbn:sk:snk-am00clqz
|
| 040 |
|
|
|a SNK
|b slo
|c SNK
|e AACR2
|
| 041 |
1 |
|
|a slo
|h eng
|
| 044 |
|
|
|a xr
|c CZ
|
| 072 |
|
7 |
|a 504
|x Znečistenie a poškodenie životného prostredia
|2 konspekt
|
| 072 |
|
7 |
|a 821-93
|x Literatúra pre deti a mládež
|2 konspekt
|
| 080 |
|
|
|a 504.4
|2 2011
|
| 080 |
|
|
|a 550.348.435
|2 2011
|
| 080 |
|
|
|a 550.34
|2 2011
|
| 080 |
|
|
|a 550.344.4
|2 2011
|
| 080 |
|
|
|a 551.515.2
|2 2011
|
| 080 |
|
|
|a (0.062)
|2 2011
|
| 080 |
|
|
|a 82-93-053.2
|2 2011
|
| 245 |
0 |
0 |
|a Prírodné katastrofy
|b veľká kniha : s trojrozmernými modelmi, pohyblivými ilustráciami a ďalšími skvelými doplnkami
|c [preklad Zlata Stareková ; ilustrácie David Hardy]
|
| 246 |
3 |
|
|a Veľká kniha - prírodné katastrofy
|
| 260 |
|
|
|a Říčany u Prahy
|b Junior
|c 2009
|
| 300 |
|
|
|a [10] nečíslovaných s.
|b ilustr.
|c 29 cm
|
| 490 |
1 |
|
|a Vakát
|
| 500 |
|
|
|a Názov a podnázov knihy sú prevzaté z obálky
|
| 521 |
1 |
|
|a Pre deti od 3 rokov
|
| 650 |
0 |
7 |
|a prírodné katastrofy
|2 SNKPH
|9 3933
|
| 650 |
0 |
7 |
|a sopky
|2 SNKPH
|9 29299
|
| 650 |
0 |
7 |
|a zemetrasenie
|2 SNKPH
|9 3969
|
| 650 |
0 |
7 |
|a tsunami
|2 SNKPH
|9 70083
|
| 650 |
0 |
7 |
|a hurikány
|2 SNKPH
|9 78903
|
| 650 |
0 |
7 |
|a Natural disasters
|2 SNKPHeng
|9 297092
|
| 650 |
0 |
7 |
|a Volcanoes
|2 SNKPHeng
|9 288697
|
| 650 |
0 |
7 |
|a Earthquake
|2 SNKPHeng
|9 346978
|
| 650 |
0 |
7 |
|a Tsunamis
|2 SNKPHeng
|9 480122
|
| 650 |
0 |
7 |
|a Hurricanes
|2 SNKPHeng
|9 350546
|
| 655 |
|
7 |
|a populárno-náučné publikácie
|2 SNKPH
|9 70460
|
| 655 |
|
7 |
|a publikácie pre deti
|2 SNKPH
|9 70148
|
| 655 |
|
7 |
|a Popular works
|2 SNKPHeng
|9 90287
|
| 655 |
|
7 |
|a Children's literature
|2 SNKPHeng
|9 276039
|
| 700 |
1 |
|
|a Stareková, Zlata
|4 trl
|9 337225
|
| 700 |
1 |
|
|a Hardy, David
|4 ill
|9 359133
|
| 830 |
|
0 |
|a Vakát
|9 319622
|
| 919 |
|
|
|a 978-80-7267-372-8
|
| 958 |
|
|
|a ZS
|
| 958 |
|
|
|a NB
|
| 999 |
|
|
|c 747099
|d 749029
|
| 952 |
|
|
|a SNK
|b SNK
|y PREZ
|7 0
|p 17A1217628
|o snkSB 90766
|i snk2016/25559
|8 4
|g 2.73
|0 0
|1 0
|4 0
|d 2016-10-12
|f 1
|l 0
|r 2025-05-13 00:00:00
|w 2026-02-23
|